000
00330nam a22001457a 4500
008
230616b ||||| |||| 00| 0 eng d
020
_a
978835113515
041
_a
eng
080
_a
615
082
_a
615WEI
100
_a
13
101
_a
FAR
245
_a
TRADITIONAL MEDICINE AND PHARMACOLOGY
_c
WEIKANG .FU
942
_2
udc
_c
BK
999
_c
60006
_d
60006